Adaptive Technology for the Internet : (Record no. 10555)
[ view plain ]
| 000 -LEADER | |
|---|---|
| fixed length control field | 01400cam a22003498a 4500 |
| 090 ## - LOCALLY ASSIGNED LC-TYPE CALL NUMBER (OCLC); LOCAL CALL NUMBER (OCLC) | |
| -- | 10555 |
| 001 - CONTROL NUMBER | |
| control field | 3561441 |
| 005 - DATE AND TIME OF LATEST TRANSACTION | |
| control field | 20030113131235.0 |
| 008 - FIXED-LENGTH DATA ELEMENTS--GENERAL INFORMATION | |
| fixed length control field | 981022s1999 ilu 000 0 eng |
| 010 ## - LIBRARY OF CONGRESS CONTROL NUMBER | |
| LC control number | 98031936 |
| 020 ## - INTERNATIONAL STANDARD BOOK NUMBER | |
| International Standard Book Number | 0838907520 |
| 040 ## - CATALOGING SOURCE | |
| Original cataloging agency | DLC |
| Transcribing agency | DLC |
| Modifying agency | DLC |
| 043 ## - GEOGRAPHIC AREA CODE | |
| Geographic area code | n-us--- |
| 050 00 - LIBRARY OF CONGRESS CALL NUMBER | |
| Classification number | Z675.B |
| Item number | M38 1999 |
| 082 00 - DEWEY DECIMAL CLASSIFICATION NUMBER | |
| Classification number | 027.663 |
| Edition number | 21 |
| Item number | MAT |
| 100 1# - MAIN ENTRY--PERSONAL NAME | |
| Personal name | Mates, Barbara T. |
| 245 10 - TITLE STATEMENT | |
| Title | Adaptive Technology for the Internet : |
| Remainder of title | Making Electronic Resources Accessible to All / |
| Statement of responsibility, etc | Barbara T. Mates ; with contributions by Doug Wakefield and Judith Dixon. |
| 260 ## - PUBLICATION, DISTRIBUTION, ETC. (IMPRINT) | |
| Place of publication, distribution, etc | Chicago, Ill. : |
| Name of publisher, distributor, etc | American Library Association, |
| Date of publication, distribution, etc | c2000. |
| 263 ## - PROJECTED PUBLICATION DATE | |
| Projected publication date | 9905 |
| 300 ## - PHYSICAL DESCRIPTION | |
| Extent | ix, 192 p. : |
| Other physical details | ill. ; |
| Dimensions | 25 cm. |
| 500 ## - GENERAL NOTE | |
| General note | Includes index. |
| 650 #0 - SUBJECT ADDED ENTRY--TOPICAL TERM | |
| Topical term or geographic name as entry element | Libraries and the blind |
| Geographic subdivision | United States. |
| 650 #0 - SUBJECT ADDED ENTRY--TOPICAL TERM | |
| Topical term or geographic name as entry element | Libraries and people with disabilities |
| Geographic subdivision | United States. |
| 650 #0 - SUBJECT ADDED ENTRY--TOPICAL TERM | |
| Topical term or geographic name as entry element | Libraries |
| Geographic subdivision | United States |
| General subdivision | Special collections |
| -- | Computer network resources. |
| 650 #0 - SUBJECT ADDED ENTRY--TOPICAL TERM | |
| Topical term or geographic name as entry element | Blind, Apparatus for the |
| Geographic subdivision | United States. |
| 650 #0 - SUBJECT ADDED ENTRY--TOPICAL TERM | |
| Topical term or geographic name as entry element | Assistive computer technology |
| Geographic subdivision | United States. |
| 700 1# - ADDED ENTRY--PERSONAL NAME | |
| Personal name | Wakefield, Doug. |
| 700 1# - ADDED ENTRY--PERSONAL NAME | |
| Personal name | Dixon, Judith M. |
| 942 ## - ADDED ENTRY ELEMENTS (KOHA) | |
| Source of classification or shelving scheme | Dewey Decimal Classification |
| Item type | Book - Borrowing |
| Withdrawn status | Item status | Source of classification or shelving scheme | Damaged status | Not for loan | Vendor | Home library | Current library | Shelving location | Date acquired | Source of acquisition | Cost, normal purchase price | Serial Enumeration / chronology | Total Checkouts | Full call number | Barcode | Date last seen | Koha item type |
|---|---|---|---|---|---|---|---|---|---|---|---|---|---|---|---|---|---|
| Dewey Decimal Classification | Alahram | Central Library | Central Library | Lower Floor | 01/02/2009 | 228.10 | 06387 | 027.663 MAT | 000014510 | 15/07/2025 | Book - Borrowing |